[Event "ICS rated bullet match"]
[Site "204.178.125.65"]
[Date "2000.09.07"]
[Round "?"]
[White "Hossa"]
[Black "harimau"]
[Result "0-1"]
[WhiteElo "2470"]
[BlackElo "2734"]
[PlyCount "114"]
[EventDate "2000.??.??"]

1. e4 d5 2. exd5 Qxd5 3. Nc3 Qa5 4. d4 c6 5. Nf3 Nf6 6. Ne5 Bf5 7. Bc4 e6 8. g4
Bg6 9. Nxg6 hxg6 10. a3 Rh4 11. f3 Qc7 12. g5 Nd5 13. Qe2 Rxd4 14. Nxd5 cxd5
15. Bb5+ Nc6 16. Qf2 Qe5+ 17. Qe3 Bd6 18. Qxe5 Bxe5 19. c3 Rh4 20. h3 O-O-O 21.
Be3 Rdh8 22. Bxc6 bxc6 23. Bxa7 Rxh3 24. Rxh3 Rxh3 25. Ke2 Rh2+ 26. Bf2 d4 27.
Rf1 dxc3 28. bxc3 Bxc3 29. Ke3 Kd7 30. a4 c5 31. Ke4 Kc6 32. Kd3 Ba5 33. Kc4
Bc7 34. Be3 Rh4+ 35. f4 f6 36. gxf6 gxf6 37. Kd3 e5 38. Rc1 Bb6 39. Rc4 Kd5 40.
a5 Ba7 41. a6 f5 42. Rc3 exf4 43. Bd2 g5 44. Kc2 Rh1 45. Rd3+ Kc6 46. Kb2 Rd1
47. Rd8 f3 48. Rc8+ Kd7 49. Ra8 f2 50. Rxa7+ Ke6 51. Re7+ Kxe7 52. Bxg5+ Ke6
53. a7 f1=Q 54. a8=Q Qe2+ 55. Kb3 Qd3+ 56. Kb2 Rb1+ 57. Ka2 Qb3# {
Hossa checkmated} 0-1

[Event "ICS rated standard match"]
[Site "204.178.125.65"]
[Date "2000.09.07"]
[Round "?"]
[White "Hossa"]
[Black "harimau"]
[Result "0-1"]
[WhiteElo "2298"]
[BlackElo "2658"]
[PlyCount "120"]
[EventDate "2000.??.??"]

1. e4 e5 2. Nf3 Nc6 3. Bb5 a6 4. Bxc6 dxc6 5. Nc3 f6 6. O-O Bc5 7. d3 Ne7 8.
Be3 Bxe3 9. fxe3 Ng6 10. Nd2 Be6 11. Qf3 O-O 12. Qf2 Qd7 13. Nf3 c5 14. Nd2 b6
15. a3 Rab8 16. a4 Ne7 17. Rac1 Nc8 18. Rcd1 Nd6 19. Ra1 c6 20. a5 b5 21. b3
Qc7 22. Ra2 c4 23. bxc4 bxc4 24. d4 Nb5 25. Nxb5 cxb5 26. d5 Bf7 27. Qe2 c3 28.
Nb3 Bg6 29. Qg4 Qc8 30. Qe6+ Kh8 31. Qxc8 Rbxc8 32. Rd1 Rfd8 33. Nc1 Bxe4 34.
d6 Kg8 35. Ne2 b4 36. Kf2 b3 37. cxb3 c2 38. Rc1 Rxd6 39. Ra4 f5 40. Rc4 Rxc4
41. bxc4 Rd1 42. c5 Kf7 43. c6 Ke6 44. c7 Kd7 45. Kg3 Kxc7 46. Kh4 Kd6 47. Kh5
Rxc1 48. Nxc1 Kd5 49. Kh4 Kc4 50. g4 f4 51. exf4 exf4 52. h3 Kd4 53. g5 f3 54.
Nb3+ Ke3 55. Kg4 c1=Q 56. Nxc1 f2 57. g6 f1=Q 58. Ne2 Bf5+ 59. Kg5 h6+ 60. Kh5
Qxh3# {Hossa checkmated} 0-1

[Event "ICS Rated standard match"]
[Site "204.178.125.65"]
[Date "2000.09.07"]
[Round "?"]
[White "tourevel"]
[Black "Hossa"]
[Result "0-1"]
[WhiteElo "2123"]
[BlackElo "2294"]
[PlyCount "62"]
[EventDate "2000.??.??"]

1. e4 e5 2. Nf3 Nc6 3. Bb5 a6 4. Ba4 Nf6 5. O-O Be7 6. Re1 b5 7. Bb3 d6 8. c3
O-O 9. h3 Bb7 10. d4 Re8 11. Nbd2 Bf8 12. d5 Ne7 13. Nf1 Ng6 14. Ng3 c6 15.
dxc6 Bxc6 16. Bg5 Rc8 17. Bxf6 Qxf6 18. Nh5 Qd8 19. Bd5 Qd7 20. Qd3 Bxd5 21.
Qxd5 Rc5 22. Qd3 Be7 23. Rad1 Qe6 24. b4 Rc7 25. a3 Qb3 26. a4 Rxc3 27. Qd2
bxa4 28. Rb1 Qc4 29. Ra1 a3 30. Qa2 Qxb4 31. Reb1 Qxe4 {tourevel resigns} 0-1

[Event "ICS rated blitz match"]
[Site "204.178.125.65"]
[Date "2000.09.07"]
[Round "?"]
[White "Hossa"]
[Black "HaraldLdahl"]
[Result "1-0"]
[WhiteElo "2529"]
[BlackElo "2117"]
[PlyCount "43"]
[EventDate "2000.??.??"]

1. e4 Nf6 2. e5 Nd5 3. d4 d6 4. c4 Nb6 5. f4 dxe5 6. fxe5 c5 7. d5 e6 8. Nc3
exd5 9. cxd5 c4 10. Nf3 Bb4 11. Bxc4 Bxc3+ 12. bxc3 Nxc4 13. Qa4+ Qd7 14. Qxc4
b5 15. Qd3 Bb7 16. d6 O-O 17. Ng5 g6 18. O-O Qc6 19. Rf2 Nd7 20. Qh3 h5 21. e6
fxe6 22. Qxe6+ {HaraldLdahl resigns} 1-0

[Event "ICS rated standard match"]
[Site "204.178.125.65"]
[Date "2000.09.07"]
[Round "?"]
[White "Hossa"]
[Black "WoodenPupa"]
[Result "1-0"]
[WhiteElo "2303"]
[BlackElo "2014"]
[PlyCount "24"]
[EventDate "2000.??.??"]

1. e4 Nf6 2. e5 Nd5 3. d4 d6 4. Nf3 h6 5. c4 Nb6 6. Nc3 Bg4 7. h3 Bxf3 8. Qxf3
Nc6 9. Be3 dxe5 10. dxe5 Nd4 11. Qe4 c5 12. O-O-O Qc7 {WoodenPupa resigns} 1-0

[Event "ICS Rated standard match"]
[Site "204.178.125.65"]
[Date "2000.09.07"]
[Round "?"]
[White "WoodenPupa"]
[Black "Hossa"]
[Result "0-1"]
[WhiteElo "2009"]
[BlackElo "2308"]
[PlyCount "52"]
[EventDate "2000.??.??"]

1. e4 e5 2. Nf3 Nf6 3. Nxe5 Qe7 4. d4 d6 5. Nf3 Nxe4 6. Be2 Rg8 7. O-O g6 8.
Nbd2 d5 9. Nxe4 dxe4 10. Ng5 Bh6 11. Nxh7 e3 12. Bxe3 Bxe3 13. fxe3 f5 14. e4
Qxh7 15. exf5 Rh8 16. h3 Bxf5 17. Bg4 Nd7 18. Qf3 O-O-O 19. Rae1 Rdf8 20. Qe2
Qh4 21. Rf4 Bxg4 22. Rxg4 Qh5 23. Qe6 Qb5 24. Rf4 c6 25. Rf7 Rxf7 26. Qxf7 Qxb2
{WoodenPupa resigns} 0-1

[Event "ICS rated standard match"]
[Site "204.178.125.65"]
[Date "2000.09.07"]
[Round "?"]
[White "Hossa"]
[Black "chancery"]
[Result "1-0"]
[WhiteElo "2313"]
[BlackElo "1998"]
[PlyCount "51"]
[EventDate "2000.??.??"]

1. e4 c5 2. Nf3 d6 3. d4 cxd4 4. Nxd4 Nf6 5. Nc3 g6 6. Be3 Bg7 7. f3 O-O 8. Qd2
Nc6 9. Bc4 Bd7 10. O-O-O Ne5 11. Bb3 Qa5 12. Bh6 Bxh6 13. Qxh6 Rfc8 14. Nd5
Nxd5 15. Bxd5 Bc6 16. Nxc6 bxc6 17. Bb3 Nd7 18. g4 Nf6 19. h4 c5 20. c4 Rab8
21. h5 Rxb3 22. axb3 Rb8 23. hxg6 fxg6 24. Kc2 Qa2 25. Qe3 a5 26. Ra1 {
chancery resigns} 1-0

[Event "ICS rated standard match"]
[Site "204.178.125.65"]
[Date "2000.09.07"]
[Round "?"]
[White "WoodenPupa"]
[Black "Hossa"]
[Result "0-1"]
[WhiteElo "1996"]
[BlackElo "2317"]
[PlyCount "49"]
[EventDate "2000.??.??"]

1. e4 e5 2. Nf3 Nc6 3. Bb5 a6 4. Ba4 Nf6 5. O-O Be7 6. Re1 b5 7. Bb3 d6 8. h3
O-O 9. c3 Na5 10. Bc2 c5 11. b3 Nc6 12. d3 b4 13. c4 Nd7 14. Nbd2 Nb6 15. Nf1
f5 16. exf5 Bxf5 17. Ng3 Bd7 18. Ne4 Qe8 19. Nfg5 Qg6 20. d4 Nxd4 21. Bd3 h6
22. Nh7 Nf3+ 23. Qxf3 Rxf3 24. Nef6+ Rxf6 25. Bxg6 {WoodenPupa resigns} 0-1

[Event "ICS rated standard match"]
[Site "204.178.125.65"]
[Date "2000.09.07"]
[Round "?"]
[White "Hossa"]
[Black "TheSinger"]
[Result "1-0"]
[WhiteElo "2321"]
[BlackElo "1942"]
[PlyCount "51"]
[EventDate "2000.??.??"]

1. e4 g6 2. d4 Bg7 3. Nc3 c6 4. Nf3 d5 5. h3 Nf6 6. exd5 Nxd5 7. Nxd5 cxd5 8.
c3 Nc6 9. Bf4 O-O 10. Qd2 Re8 11. Be2 a6 12. O-O b5 13. Bh6 Bh8 14. Rfe1 Bb7
15. h4 Qd7 16. h5 e6 17. Qf4 e5 18. dxe5 Nxe5 19. Nd4 Nc6 20. hxg6 hxg6 21. Bg4
Qd8 22. Nf3 Qb8 23. Rxe8+ Qxe8 24. Re1 Qb8 25. Qxf7+ Kxf7 26. Ng5+ {
TheSinger resigns} 1-0

[Event "ICS rated blitz match"]
[Site "204.178.125.65"]
[Date "2000.09.07"]
[Round "?"]
[White "Hossa"]
[Black "Bongo"]
[Result "1-0"]
[WhiteElo "2537"]
[BlackElo "2180"]
[PlyCount "35"]
[EventDate "2000.??.??"]

1. e4 c5 2. Nf3 d6 3. d4 cxd4 4. Nxd4 Nf6 5. Nc3 a6 6. Bg5 e6 7. f4 b5 8. e5
dxe5 9. fxe5 Qc7 10. exf6 Qe5+ 11. Be2 Qxg5 12. Qd3 Qxf6 13. Rf1 Qe7 14. Rd1 g6
15. Bf3 Ra7 16. Nc6 Nxc6 17. Bxc6+ Bd7 18. Qg3 {Bongo resigns} 1-0

[Event "ICS rated blitz match"]
[Site "204.178.125.65"]
[Date "2000.09.07"]
[Round "?"]
[White "Bongo"]
[Black "Hossa"]
[Result "0-1"]
[WhiteElo "2176"]
[BlackElo "2541"]
[PlyCount "100"]
[EventDate "2000.??.??"]

1. e4 e5 2. Nf3 Nc6 3. Bb5 a6 4. Bxc6 dxc6 5. O-O Qd6 6. d3 f6 7. Nbd2 Be6 8.
b3 Qd7 9. Nc4 O-O-O 10. a4 h5 11. Qe2 h4 12. h3 g5 13. Nh2 Nh6 14. Ne3 Bc5 15.
Neg4 Nxg4 16. Nxg4 Bxg4 17. Qxg4 Qxg4 18. hxg4 h3 19. g3 Bd4 20. Rb1 Kd7 21.
Kh2 Rdg8 22. Be3 Rh7 23. Rbc1 c5 24. c3 Bxe3 25. fxe3 Ke6 26. Rf2 Rd8 27. Rd1
Rd6 28. d4 Ke7 29. d5 Rb6 30. Rb1 a5 31. c4 Rh8 32. Rfb2 Kf7 33. Rf1 Rd6 34.
Kg1 Kg7 35. Rh2 Rb6 36. Rb1 Kf8 37. Kf2 Rb4 38. Ke2 Kg7 39. Kd3 c6 40. Kc3 b5
41. axb5 cxb5 42. Rbh1 a4 43. bxa4 Rxc4+ 44. Kd3 Rxa4 45. Rxh3 Rxh3 46. Rxh3
Ra3+ 47. Kd2 c4 48. Rh1 b4 49. Rb1 Ra2+ 50. Ke1 c3 {Bongo resigns} 0-1

[Event "ICS rated blitz match"]
[Site "204.178.125.65"]
[Date "2000.09.07"]
[Round "?"]
[White "Hossa"]
[Black "Bongo"]
[Result "1-0"]
[WhiteElo "2544"]
[BlackElo "2173"]
[PlyCount "53"]
[EventDate "2000.??.??"]

1. e4 c5 2. Nf3 d6 3. d4 cxd4 4. Nxd4 Nf6 5. Nc3 a6 6. Bg5 e6 7. f4 b5 8. e5
dxe5 9. fxe5 Qc7 10. exf6 Qe5+ 11. Be2 Qxg5 12. Qd3 Qxf6 13. Rf1 Qe7 14. Rd1
Qc7 15. Bf3 Ra7 16. Nc6 Nxc6 17. Bxc6+ Bd7 18. Bxd7+ Qxd7 19. Qxd7+ Rxd7 20.
Rxd7 Kxd7 21. Rxf7+ Kc6 22. Ra7 Kb6 23. Rd7 g6 24. Ne4 Bh6 25. Rd6+ Kb7 26.
Rxe6 Bc1 27. Nc5+ {Bongo resigns} 1-0

[Event "ICS rated blitz match"]
[Site "204.178.125.65"]
[Date "2000.09.07"]
[Round "?"]
[White "Bongo"]
[Black "Hossa"]
[Result "0-1"]
[WhiteElo "2170"]
[BlackElo "2547"]
[PlyCount "58"]
[EventDate "2000.??.??"]

1. e4 e5 2. Nf3 Nc6 3. Bb5 a6 4. Ba4 Nf6 5. O-O Be7 6. Re1 b5 7. Bb3 d6 8. c3
O-O 9. h3 Na5 10. Bc2 c5 11. d4 Qc7 12. Nbd2 cxd4 13. cxd4 Bb7 14. Nf1 Rac8 15.
Bd3 d5 16. dxe5 Nxe4 17. Ng3 Nxg3 18. fxg3 Bc5+ 19. Kh2 h6 20. b3 Nc6 21. Bxh6
gxh6 22. Qc1 Nb4 23. Bf5 Qb6 24. e6 Bg1+ 25. Nxg1 Rxc1 26. Raxc1 Qd6 27. exf7+
Rxf7 28. Be6 d4 29. Bxf7+ Kxf7 {Bongo resigns} 0-1

[Event "ICS rated blitz match"]
[Site "204.178.125.65"]
[Date "2000.09.07"]
[Round "?"]
[White "Hossa"]
[Black "Bongo"]
[Result "1-0"]
[WhiteElo "2550"]
[BlackElo "2167"]
[PlyCount "63"]
[EventDate "2000.??.??"]

1. e4 c5 2. Nf3 d6 3. d4 cxd4 4. Nxd4 Nf6 5. Nc3 a6 6. Bg5 e6 7. f4 b5 8. e5
dxe5 9. fxe5 Qc7 10. exf6 Qe5+ 11. Be2 Qxg5 12. Qd3 Qxf6 13. Rf1 Qe5 14. Rd1
Ra7 15. Nf3 Qc7 16. Ng5 f5 17. Qd4 h5 18. Rxf5 exf5 19. Nd5 Qd7 20. Rd3 Nc6 21.
Re3+ Ne7 22. Nf6+ gxf6 23. Qxf6 Rg8 24. Bxh5+ Kd8 25. Qb6+ Rc7 26. Nf7+ Ke8 27.
Ne5+ Kd8 28. Nxd7 Bxd7 29. Qxa6 Rxc2 30. Qa5+ Kc8 31. Qa8+ Kc7 32. Rxe7 {
Bongo resigns} 1-0

[Event "ICS rated blitz match"]
[Site "204.178.125.65"]
[Date "2000.09.07"]
[Round "?"]
[White "Texan"]
[Black "Hossa"]
[Result "0-1"]
[WhiteElo "1943"]
[BlackElo "2553"]
[PlyCount "54"]
[EventDate "2000.??.??"]

1. e4 e5 2. Nc3 Nf6 3. f4 d5 4. fxe5 Nxe4 5. Nf3 Be7 6. d3 Nxc3 7. bxc3 O-O 8.
d4 f6 9. Be2 fxe5 10. Nxe5 Nc6 11. Nf3 Bh4+ 12. g3 Bf6 13. O-O Bh3 14. Re1 Qd7
15. Rb1 b6 16. Bf4 Na5 17. Qd2 Qf7 18. Bd3 Nc4 19. Bxc4 dxc4 20. Ne5 Qd5 21.
Re2 Rad8 22. Rbe1 c5 23. dxc5 Qxd2 24. Rxd2 Rxd2 25. Bxd2 Bxe5 26. cxb6 axb6
27. Rxe5 Rf1# {Texan checkmated} 0-1

[Event "ICS rated blitz match"]
[Site "204.178.125.65"]
[Date "2000.09.07"]
[Round "?"]
[White "Hossa"]
[Black "PostModernist"]
[Result "0-1"]
[WhiteElo "2554"]
[BlackElo "2717"]
[PlyCount "156"]
[EventDate "2000.??.??"]

1. e4 c5 2. Nf3 g6 3. d4 cxd4 4. Nxd4 Nc6 5. Nc3 Bg7 6. Be3 Nf6 7. Bc4 O-O 8.
Nxc6 dxc6 9. Qxd8 Rxd8 10. Bc5 Kf8 11. f3 Nd7 12. O-O-O b5 13. Bb3 a5 14. a3
Bxc3 15. bxc3 a4 16. Ba2 Ba6 17. Be3 Kg7 18. Bg5 f6 19. Be3 h5 20. Kb1 h4 21.
g3 Ne5 22. f4 Nf3 23. gxh4 Nxh4 24. Bc5 Kf8 25. Rhg1 Rxd1+ 26. Rxd1 Ke8 27. Bg8
Bc8 28. c4 Rb8 29. cxb5 Rxb5+ 30. Bb4 Ng2 31. f5 gxf5 32. Bh7 Nh4 33. Kc1 f4
34. Rd3 Be6 35. e5 Rxe5 36. Bd2 f3 37. Re3 f2 38. Bd3 Rd5 39. Bf1 Rg5 40. Kd1
Rg1 41. Ke2 Bc4+ 42. Rd3 Bxd3+ 43. cxd3 Nf3 44. Bf4 e5 45. Bg3 Nd2 46. Kxd2
Rxf1 47. Ke3 Re1+ 48. Kxf2 Ra1 49. Ke3 Rxa3 50. Kd2 Rb3 51. Kc2 Rb5 52. Be1 a3
53. Bc3 Kf7 54. Kd2 a2 55. Ke3 Kg6 56. h4 Kh5 57. Ke4 Kg4 58. Ke3 Rb3 59. Ba1
Rb1 60. Bc3 a1=Q 61. Bxa1 Rxa1 62. Kd2 Kf3 63. h5 e4 64. dxe4 Kxe4 65. Kc3 c5
66. Kb3 c4+ 67. Kc3 Ra3+ 68. Kc2 c3 69. h6 Ra2+ 70. Kb3 c2 71. h7 c1=Q 72. Kxa2
Qh6 73. Kb2 Kd4 74. h8=Q Qxh8 75. Kc2 Qb8 76. Kd2 Qh2+ 77. Ke1 Ke3 78. Kf1 Qh1#
{Hossa checkmated} 0-1

[Event "ICS rated blitz match"]
[Site "204.178.125.65"]
[Date "2000.09.07"]
[Round "?"]
[White "PostModernist"]
[Black "Hossa"]
[Result "1-0"]
[WhiteElo "2726"]
[BlackElo "2545"]
[PlyCount "137"]
[EventDate "2000.??.??"]

1. e4 e5 2. Bc4 Nf6 3. d3 Nc6 4. Nc3 Bb4 5. Nge2 d5 6. exd5 Nxd5 7. Bxd5 Qxd5
8. O-O Qd8 9. f4 O-O 10. f5 Bc5+ 11. Kh1 f6 12. Bd2 Bd7 13. Ng3 Bd4 14. Qg4 Nb4
15. Nd1 Nxc2 16. Rc1 Ba4 17. Nh5 Qd7 18. Bh6 Rf7 19. b3 Bb5 20. Bxg7 Bxd3 21.
Nxf6+ Rxf6 22. Bxf6+ Kf8 23. Rf3 Be2 24. Qe4 Bxf3 25. gxf3 Kf7 26. Bxe5 Bxe5
27. Qxc2 Qd4 28. Qc4+ Qxc4 29. Rxc4 Rd8 30. Ne3 Rd3 31. Re4 Bd6 32. h4 Rd2 33.
Ra4 Bc5 34. Nc4 Re2 35. Ra5 Bf2 36. Ne5+ Ke8 37. f4 Be3 38. Ng4 Bd4 39. Ra4 Rd2
40. Ne5 Bc5 41. f6 c6 42. Re4 Kf8 43. a4 a6 44. h5 Kg8 45. f5 Kf8 46. h6 Rd4
47. Re2 Rh4+ 48. Kg2 Bb4 49. Nd7+ Kf7 50. Re6 Rxh6 51. Ne5+ Kf8 52. Kg3 Be1+
53. Kf4 Rh4+ 54. Kg5 Rd4 55. Re7 Bh4+ 56. Kh5 Bxf6 57. Rf7+ Kg8 58. Rxf6 Rd2
59. Re6 Kf8 60. f6 Rh2+ 61. Kg5 Rg2+ 62. Kh4 Rh2+ 63. Kg3 Rb2 64. f7 Kg7 65.
Re8 Kh6 66. f8=Q+ Kh5 67. Qf5+ Kh6 68. Qf4+ Kg7 69. Qg5# {Hossa checkmated} 1-0

[Event "ICS rated standard match"]
[Site "204.178.125.65"]
[Date "2000.09.08"]
[Round "?"]
[White "PostModernist"]
[Black "Hossa"]
[Result "1-0"]
[WhiteElo "2471"]
[BlackElo "2324"]
[PlyCount "127"]
[EventDate "2000.??.??"]

1. e4 e5 2. Bc4 Nf6 3. d3 Nc6 4. Nf3 Bc5 5. c3 d6 6. O-O O-O 7. Nbd2 a5 8. Bb3
Rb8 9. a4 Qe7 10. Nc4 Be6 11. Ne3 Qd7 12. Bxe6 fxe6 13. Nc4 Ra8 14. Bg5 Qf7 15.
d4 exd4 16. cxd4 Nxd4 17. Nxd4 e5 18. Bxf6 Bxd4 19. Bxg7 Bxf2+ 20. Kh1 Qxg7 21.
Qd5+ Kh8 22. Qxb7 Rab8 23. Qd5 Qg8 24. Qxg8+ Kxg8 25. Rab1 Rb4 26. b3 Rf4 27.
Nxa5 Rbxe4 28. g3 Rf7 29. Nc6 Re2 30. a5 Be3 31. Rfe1 Rff2 32. Ne7+ Kf7 33.
Rxe2 Rxe2 34. Nd5 Bd4 35. Nxc7 Ke7 36. Nb5 Be3 37. Ra1 Rf2 38. a6 Rf8 39. a7
Ra8 40. Kg2 Kd7 41. Ra6 Bc5 42. Kf3 Kc8 43. Nxd6+ Bxd6 44. Rxd6 Rxa7 45. Ke4
Rb7 46. Rh6 Re7 47. g4 Kc7 48. h4 Kd7 49. g5 Kc7 50. h5 Kd7 51. b4 Rg7 52. g6
hxg6 53. Rxg6 Re7 54. h6 Re8 55. b5 Kc7 56. h7 Rh8 57. b6+ Kd7 58. b7 Rxh7 59.
b8=Q Rh4+ 60. Kd5 Rd4+ 61. Kxe5 Rf4 62. Rg7+ Rf7 63. Rxf7+ Kc6 64. Rc7# {
Hossa checkmated} 1-0

[Event "ICS rated blitz match"]
[Site "204.178.125.65"]
[Date "2000.09.08"]
[Round "?"]
[White "Colorado"]
[Black "Hossa"]
[Result "1-0"]
[WhiteElo "2674"]
[BlackElo "2537"]
[PlyCount "103"]
[EventDate "2000.??.??"]

1. e4 e5 2. Nf3 Nc6 3. Bb5 a6 4. Ba4 Nf6 5. O-O Be7 6. Re1 b5 7. Bb3 d6 8. c3
O-O 9. h3 Bb7 10. d4 Re8 11. Ng5 Rf8 12. Nf3 Re8 13. dxe5 Nxe5 14. Nxe5 dxe5
15. Qf3 c5 16. Nd2 c4 17. Bc2 Qc7 18. Nf1 Rad8 19. Ng3 a5 20. Nf5 Bc5 21. Nxg7
Rf8 22. Bh6 Qb6 23. Qg3 Ng4 24. Qxg4 Bxf2+ 25. Kf1 Qxh6 26. Nf5+ Qg6 27. Ne7+
Kg7 28. Nxg6 fxg6 29. Red1 Bc8 30. Rxd8 Bxg4 31. Rxf8 Kxf8 32. hxg4 Bg3 33. Rd1
b4 34. Rd5 Kg7 35. Rxa5 bxc3 36. bxc3 Kf6 37. Ke2 Bh2 38. Rc5 Kg5 39. Kf3 Bf4
40. Rxc4 Bc1 41. a4 Ba3 42. a5 Bd6 43. Rc8 Kf6 44. a6 Ba3 45. a7 Kg5 46. a8=Q
Be7 47. Qa7 Bd6 48. Qe3+ Kf6 49. g5+ Ke6 50. Qa7 Be7 51. Bb3+ Kd6 52. Qc7# {
Hossa checkmated} 1-0

[Event "ICS rated blitz match"]
[Site "204.178.125.65"]
[Date "2000.09.08"]
[Round "?"]
[White "Hossa"]
[Black "StrongBach"]
[Result "1-0"]
[WhiteElo "2527"]
[BlackElo "1639"]
[PlyCount "89"]
[EventDate "2000.??.??"]

1. e4 e6 2. d4 h5 3. Nf3 Nh6 4. Be2 Bd6 5. O-O Nc6 6. d5 Nb8 7. Nc3 Ng8 8. Nb5
Be7 9. d6 cxd6 10. Nxd6+ Bxd6 11. Qxd6 Nc6 12. Rd1 h4 13. Bg5 Qb6 14. b3 Nb4
15. c3 Nc2 16. Rac1 Qxd6 17. Rxd6 Na3 18. Bxh4 Nh6 19. Bg3 b6 20. Rd4 f5 21.
Ra4 fxe4 22. Ng5 O-O 23. Rxa3 d5 24. Bb5 a5 25. Bc6 Ra7 26. Bb8 Ra6 27. c4 Rf5
28. h4 e3 29. fxe3 dxc4 30. Rxc4 Kh8 31. Bb5 Rxb5 32. Rxc8+ Ng8 33. Nxe6 Ra8
34. Ra4 Rf5 35. Nc7 b5 36. Rf4 Rxb8 37. Rxb8 Rxf4 38. exf4 b4 39. Ne8 Kh7 40.
Rb7 Kh6 41. g4 g6 42. Kf2 a4 43. g5+ Kh5 44. Kg3 axb3 45. Ng7# 1-0

[Event "ICS rated blitz match"]
[Site "204.178.125.65"]
[Date "2000.09.08"]
[Round "?"]
[White "PostModernist"]
[Black "Hossa"]
[Result "1-0"]
[WhiteElo "2716"]
[BlackElo "2527"]
[PlyCount "87"]
[EventDate "2000.??.??"]

1. e4 c5 2. c3 e6 3. d4 d5 4. e5 Nc6 5. Nf3 Bd7 6. Be2 Rc8 7. O-O cxd4 8. cxd4
Qb6 9. Na3 Bxa3 10. bxa3 Nge7 11. Be3 Na5 12. Rb1 Qc7 13. Bd3 Nc4 14. Ng5 h6
15. Qh5 g6 16. Qh4 Nxe3 17. fxe3 Nf5 18. Bxf5 exf5 19. Nxf7 Kxf7 20. Qf6+ Kg8
21. Qxg6+ Kf8 22. Qf6+ Kg8 23. Rf3 Qc1+ 24. Rxc1 Rxc1+ 25. Kf2 Rc2+ 26. Ke1
Rxg2 27. Qd8+ Kh7 28. Qxd7+ Rg7 29. Qxf5+ Rg6 30. Qf7+ Rg7 31. Qxd5 Rc8 32. e6
Rc1+ 33. Kd2 Rcc7 34. Rf7 Rgxf7 35. exf7 Kg7 36. Qe5+ Kxf7 37. Qxc7+ Ke6 38. e4
Kf6 39. d5 b6 40. d6 a6 41. d7 Kg6 42. d8=Q h5 43. Qg8+ Kf6 44. Qd6# {
Hossa checkmated} 1-0

[Event "ICS rated blitz match"]
[Site "204.178.125.65"]
[Date "2000.09.08"]
[Round "?"]
[White "Hossa"]
[Black "Sjeng"]
[Result "1-0"]
[WhiteElo "2519"]
[BlackElo "2407"]
[PlyCount "97"]
[EventDate "2000.??.??"]

1. e4 c6 2. d4 d5 3. e5 Bf5 4. Nc3 e6 5. g4 Bg6 6. Nge2 c5 7. h4 h6 8. Be3 Nc6
9. dxc5 Nxe5 10. Nf4 Be4 11. Bb5+ Ke7 12. Rh3 Nf6 13. g5 Nfg4 14. Nxe4 dxe4 15.
Kf1 Nxe3+ 16. fxe3 Qxd1+ 17. Rxd1 Rc8 18. b4 a5 19. a3 hxg5 20. hxg5 Rxh3 21.
Nxh3 Ra8 22. Nf2 axb4 23. axb4 f5 24. gxf6+ gxf6 25. Nxe4 Bh6 26. Ke2 Ra2 27.
Rh1 Bg7 28. Kd2 Nf3+ 29. Kd3 Ne5+ 30. Kc3 Ra3+ 31. Kd2 Ra2 32. Nd6 Nf3+ 33. Ke2
Ng5 34. Bd3 e5 35. Rh4 Kd7 36. Nxb7 e4 37. Bxe4 Nxe4 38. Rxe4 Rxc2+ 39. Kd3 Rg2
40. b5 Bf8 41. b6 Rb2 42. Rf4 Ke6 43. Nd8+ Ke7 44. Rd4 Ke8 45. c6 Bc5 46. Re4+
Kxd8 47. c7+ Kd7 48. Re8 Kxe8 49. c8=Q+ {Sjeng resigns} 1-0

[Event "ICS rated blitz match"]
[Site "204.178.125.65"]
[Date "2000.09.08"]
[Round "?"]
[White "Hossa"]
[Black "agenbite"]
[Result "1-0"]
[WhiteElo "2530"]
[BlackElo "2158"]
[PlyCount "61"]
[EventDate "2000.??.??"]

1. e4 b6 2. d4 g6 3. Nf3 Bg7 4. Bd3 Bb7 5. O-O e6 6. Bf4 d6 7. Nbd2 Ne7 8. Qe2
a6 9. c3 c5 10. Nc4 Nc8 11. e5 d5 12. Bg5 Qc7 13. Ne3 a5 14. Bb5+ Bc6 15. Bxc6+
Nxc6 16. Ng4 N8e7 17. Nf6+ Bxf6 18. Bxf6 Rg8 19. Qb5 c4 20. b3 cxb3 21. axb3
Qd7 22. Qxb6 Nf5 23. Rfb1 h6 24. g4 Nfe7 25. Rb2 g5 26. Ne1 Ng6 27. Ng2 Nf4 28.
Nxf4 gxf4 29. f3 h5 30. g5 h4 31. Qc5 {agenbite resigns} 1-0

[Event "ICS rated blitz match"]
[Site "204.178.125.65"]
[Date "2000.09.08"]
[Round "?"]
[White "KCtan"]
[Black "Hossa"]
[Result "0-1"]
[WhiteElo "2239"]
[BlackElo "2544"]
[PlyCount "48"]
[EventDate "2000.??.??"]

1. d4 d5 2. Nf3 Nf6 3. Bf4 c6 4. c3 Nh5 5. Bc1 e6 6. Nbd2 Nf6 7. Ne5 Nbd7 8.
Ndf3 Nxe5 9. Nxe5 Bd6 10. f4 Ne4 11. e3 Bxe5 12. fxe5 Qh4+ 13. Ke2 Qg4+ 14. Ke1
Qxd1+ 15. Kxd1 Nf2+ 16. Ke1 Nxh1 17. Be2 c5 18. Kf1 f6 19. exf6 O-O 20. Kg1
Rxf6 21. Bf3 g5 22. Bd2 g4 23. Bxg4 Nf2 24. Bf3 Nh3+ {KCtan resigns} 0-1

[Event "ICS rated blitz match"]
[Site "204.178.125.65"]
[Date "2000.09.08"]
[Round "?"]
[White "KCtan"]
[Black "Hossa"]
[Result "1/2-1/2"]
[WhiteElo "2230"]
[BlackElo "2553"]
[PlyCount "173"]
[EventDate "2000.??.??"]

1. d4 d5 2. Nf3 Nf6 3. Bf4 c6 4. Nbd2 g6 5. e3 Bg7 6. Bd3 c5 7. c3 O-O 8. h3
cxd4 9. exd4 Nh5 10. Bh2 Bh6 11. O-O Nf4 12. Bxf4 Bxf4 13. Re1 Nc6 14. Bf1 Bd7
15. g3 Bh6 16. Bg2 Qc8 17. Kh2 Re8 18. Qb3 e6 19. Re2 Na5 20. Qc2 Bb5 21. Ree1
Nc6 22. Rad1 Qc7 23. Qb3 Ba6 24. Ne5 Bg7 25. f4 Ne7 26. Nf1 f6 27. Nf3 Nf5 28.
Ne3 Nxe3 29. Rxe3 Bh6 30. Rde1 Bc4 31. Qc2 Qd7 32. a3 Bf8 33. Qf2 Bd6 34. h4
Re7 35. Bh3 Rae8 36. Kg2 Bb5 37. Kh2 Kh8 38. Kg2 a6 39. Kh2 a5 40. Kg2 Kg8 41.
Nh2 Bc4 42. Nf3 Ba6 43. Kh2 Qc8 44. Bg4 b6 45. Bh3 a4 46. Kg2 Qd7 47. Kh2 Bb5
48. Kg2 Bc7 49. Kh2 Qc8 50. Kg2 Bb8 51. Nh2 Bd6 52. Nf3 Kh8 53. Bg4 h5 54. Bh3
Kg7 55. Nh2 Qd7 56. Nf3 Ba6 57. Qd2 Bc4 58. Qd1 Bb5 59. Qd2 Bc7 60. Qf2 Kh7 61.
Kh2 Bd6 62. Kg2 Qc8 63. Kh2 Ba6 64. Qd2 Bc4 65. Qf2 Ba2 66. Qg2 Qd7 67. Qf2 b5
68. Kg2 Bc4 69. Nd2 Kg8 70. Nf3 Bb3 71. Nd2 Bc2 72. Kh2 Kh8 73. Nc4 Be4 74.
Nxd6 Qxd6 75. Bg2 Bxg2 76. Kxg2 Qd7 77. Qe2 Kg7 78. Kh2 Qc6 79. Kg2 Qb7 80. Kh2
Qb8 81. Kg2 Qb7 82. Kh2 Qb8 83. Kg2 Qb7 84. Kh2 Qb8 85. Kg2 Qb7 86. Kh2 Qb8 87.
Kg2 1/2-1/2

[Event "ICS rated blitz match"]
[Site "204.178.125.65"]
[Date "2000.09.08"]
[Round "?"]
[White "Hossa"]
[Black "KCtan"]
[Result "1-0"]
[WhiteElo "2541"]
[BlackElo "2242"]
[PlyCount "43"]
[EventDate "2000.??.??"]

1. e4 c6 2. d4 d5 3. Nc3 dxe4 4. Nxe4 Bf5 5. Ng3 Bg6 6. h4 h6 7. Nf3 Nd7 8. h5
Bh7 9. Bd3 Bxd3 10. Qxd3 e6 11. Bd2 Ngf6 12. O-O-O Be7 13. Ne4 Qc7 14. Kb1
O-O-O 15. Nxf6 Bxf6 16. Qa3 Kb8 17. g3 Ka8 18. Bf4 Qb6 19. Rd3 Qb5 20. Rb3 Qd5
21. Bc7 Rc8 22. Qxa7+ {KCtan resigns} 1-0

[Event "ICS rated blitz match"]
[Site "204.178.125.65"]
[Date "2000.09.08"]
[Round "?"]
[White "Hossa"]
[Black "KCtan"]
[Result "1-0"]
[WhiteElo "2551"]
[BlackElo "2232"]
[PlyCount "77"]
[EventDate "2000.??.??"]

1. e4 c6 2. d4 d5 3. Nc3 dxe4 4. Nxe4 Nf6 5. Nxf6+ gxf6 6. c3 Bf5 7. Nf3 e6 8.
Bf4 Bd6 9. Bxd6 Qxd6 10. Qb3 Qc7 11. O-O-O Nd7 12. Rd2 O-O-O 13. Qa3 Kb8 14. c4
c5 15. d5 Nb6 16. Nh4 Bg6 17. Qb3 Rd7 18. Nxg6 hxg6 19. g3 exd5 20. cxd5 c4 21.
Qf3 Rhd8 22. Bg2 Qe5 23. Rhd1 Rd6 24. Kb1 f5 25. h3 Na4 26. Re2 Qf6 27. Qa3 Ra6
28. Qb4 Nxb2 29. Rxb2 Rb6 30. Qd2 c3 31. Qf4+ Ka8 32. Rb4 c2+ 33. Kxc2 Rc8+ 34.
Kb1 Qc3 35. Rxb6 Qc2+ 36. Ka1 Qxd1+ 37. Rb1 Qd3 38. Qb4 Qc3+ 39. Qxc3 {
KCtan resigns} 1-0